| 000 | 01154nam a2200241 a 4500 | ||
|---|---|---|---|
| 001 | ASIN0333653297 | ||
| 005 | 20170105102845.0 | ||
| 008 | 130805s1999 xxu eng d | ||
| 020 | _a0333653297 (paperback) | ||
| 020 | _a9780333653296 (paperback) | ||
| 040 | _a0 | ||
| 050 | 0 | 4 | _aJC491 |
| 082 | 0 | 4 | _a321.09409 |
| 100 | 1 | _aHalliday, Fred. | |
| 245 | 1 | 0 |
_aRevolutions and world politics : _bthe rise and fall of the sixth great power / _cFred Halliday. |
| 260 |
_a[S.l.] : _bPalgrave Macmillan, _c1999. |
||
| 300 |
_a424 p. ; _c22 cm. |
||
| 520 | _aThe relation of revolutions to international relations is central to modern history. Revolutions have, as much as war or nationalism, shaped the development of world politics. Equally, revolutions have been, in cause, ideology and consequence, international events. By putting the international politics of revolution centre stage, Fred Halliday's book contributes to the understanding of both revolution and world politics. | ||
| 650 | 0 | _aRevolutions | |
| 650 | 0 | _aWorld politics | |
| 856 | 4 | 0 |
_3Amazon.com _uhttp://www.amazon.com/exec/obidos/ASIN/0333653297/chopaconline-20 |
| 942 |
_2ddc _cBK |
||
| 999 |
_c14022 _d14022 |
||